Normal view
MARC view
- Bhopal Union Carbide Plant Disaster, Bhopal, India, 1984
Entry Topical Term
001 - CONTROL NUMBER
- control field: 11080
003 - CONTROL NUMBER IDENTIFIER
- control field: NUST
005 - DATE AND TIME OF LATEST TRANSACTION
- control field: 20180607043858.0
008 - FIXED-LENGTH DATA ELEMENTS
- fixed length control field: 180607|| aca||aabn | a|a d
040 ## - CATALOGING SOURCE
- Original cataloging agency: NUST
- Transcribing agency: NUST
150 ## - HEADING--TOPICAL TERM
- Topical term or geographic name entry element: Bhopal Union Carbide Plant Disaster, Bhopal, India, 1984
- Form subdivision: Fiction.
670 ## - SOURCE DATA FOUND
- Source citation: Work cat.: (NUST)234811: Sinha, Indra. 11079, Animal's people /, 2008.
